| 000 | 01265nas a2200313 i 4500 | ||
|---|---|---|---|
| 003 | DO-SdBNP | ||
| 005 | 20251217112837.0 | ||
| 007 | ta | ||
| 008 | 251030c2021 dr qn|p|r||||||0| | spa d | ||
| 022 | _a2737-6990 | ||
| 040 |
_aDO-SdBNP _bspa _cBNPHU _erda |
||
| 041 | _aspa | ||
| 110 |
_aContemporanía, SRL _988738 |
||
| 245 | _aContemporanía. | ||
| 264 |
_aSanto Domingo, República Dominicana : _bContemporanía, _c2021. |
||
| 300 |
_avolumen : _bilustraciones, fotografías, pinturas ; _c30 cm. |
||
| 310 | _aTrimestral. | ||
| 336 |
_atexto _btxt _2rdacontent |
||
| 337 |
_asin mediación _bn _2rdamedia |
||
| 338 |
_avolumen _bnc _2rdacarrier |
||
| 362 | _aTercera etapa. Núm. 16, sept-nov, 2021. | ||
| 500 | _aCatalogación basada en el volumen: Tercera etapa. Núm. 16, sept-nov, 2021. | ||
| 500 | _aEsta publicación está en versión inglés y español. | ||
| 500 | _aRevista de divulgación científica y cultural. | ||
| 650 | 0 |
_aArtes y Humanidades, Multidisciplinarias _988739 _vPublicaciones periódicas _zRepública Dominicana |
|
| 650 | 0 |
_aArte contemporáneo _919845 _vPublicaciones periódicas _zRepública Dominicana |
|
| 650 | 0 |
_aArte, Multidisciplinarias _988740 _vPublicaciones periódicas _zRepública Dominicana |
|
| 942 |
_2ddc _cISSUE |
||
| 999 |
_c59988 _d59988 |
||